Sports Quiz

Random Sports or WWE Quiz

Rock's PPV Opponents Quiz Stats

Quiz not verified by Sporcle

Also try: Big 4 Teams (A-Z)
Challenge
Share
Tweet
Embed
Score 0/114 Timer 10:00
0 Plays Today
PPV Opponent % Correct
D-Generation X: In Your HouseSteve Austin
99.8%
Royal Rumble 1998Steve Austin
99.8%
WrestleMania XVSteve Austin
99.8%
Backlash: In Your HouseSteve Austin
99.8%
Rebellion 2000Steve Austin
99.8%
Armageddon 2000Steve Austin
99.8%
WrestleMania X-SevenSteve Austin
99.8%
Rebellion 2001Steve Austin
99.8%
Survivor Series 2001Steve Austin
99.8%
Survivor Series 1998Undertaker
98.4%
King of the Ring 1999Undertaker
98.4%
Unforgiven 2000Undertaker
98.4%
Armageddon 2000Undertaker
98.4%
No Way Out 2002Undertaker
98.4%
Vengeance 2002Undertaker
98.4%
Survivor Series 1996Hunter Hearst Helmsley
98.1%
In Your House 13: Final FourHunter Hearst Helmsley
98.1%
Fully Loaded: In Your HouseTriple H
98.1%
SummerSlam 1998Triple H
98.1%
Over the Edge 1999Triple H
98.1%
Fully Loaded 1999Triple H
98.1%
Unforgiven 1999Triple H
98.1%
Rebellion 1999Triple H
98.1%
Survivor Series 1999Triple H
98.1%
WrestleMania 2000Triple H
98.1%
Backlash 2000Triple H
98.1%
Insurrextion 2000Triple H
98.1%
Judgment Day 2000Triple H
98.1%
King of the Ring 2000Triple H
98.1%
SummerSlam 2000Triple H
98.1%
Armageddon 2000Triple H
98.1%
Royal Rumble 1997Mankind
97.6%
In Your House 15: A Cold Day in HellMankind
97.6%
Breakdown: In Your HouseMankind
97.6%
Survivor Series 1998Mankind
97.6%
Rock Bottom: In Your HouseMankind
97.6%
Royal Rumble 1999Mankind
97.6%
St. Valentine's Day Massacre: In Your HouseMankind
97.6%
PPV Opponent % Correct
Unforgiven 1999Mankind
97.6%
WrestleMania 2000Mick Foley
97.6%
Unforgiven 1999Kane
96.6%
Unforgiven 2000Kane
96.6%
Royal Rumble 2001Kane
96.6%
WrestleMania XIXSteve Austin
96.2%
SummerSlam 2000Kurt Angle
95.4%
No Mercy 2000Kurt Angle
95.4%
Rebellion 2000Kurt Angle
95.4%
Armageddon 2000Kurt Angle
95.4%
No Way Out 2001Kurt Angle
95.4%
Survivor Series 2001Kurt Angle
95.4%
Vengeance 2002Kurt Angle
95.4%
WrestleMania X8Hollywood Hulk Hogan
95.1%
No Way Out 2003Hulk Hogan
95.1%
No Mercy 2001Chris Jericho
94.9%
Vengeance 2001Chris Jericho
94.9%
Royal Rumble 2002Chris Jericho
94.9%
Unforgiven 1999Big Show
93.5%
Survivor Series 1999Big Show
93.5%
Royal Rumble 2000Big Show
93.5%
No Way Out 2000Big Show
93.5%
WrestleMania 2000Big Show
93.5%
King of the Ring 2000Vince McMahon
91.7%
Insurrextion 2000Shane McMahon
91.5%
King of the Ring 2000Shane McMahon
91.5%
Unforgiven 2001Shane McMahon
91.5%
Survivor Series 2001Shane McMahon
91.5%
WrestleMania XXRic Flair
90.8%
WrestleMania XXRandy Orton
90.4%
WrestleMania XXBatista
89.8%
WrestleMania 13The Sultan
89.5%
Survivor Series 2000Rikishi
89.5%
Rebellion 2000Rikishi
89.5%
Armageddon 2000Rikishi
89.5%
SummerSlam 1999Mr. Ass
89.3%
Armageddon 1999Mr. Ass
89.3%
SummerSlam 2001Booker T
88%
PPV Opponent % Correct
Unforgiven 2001Booker T
88%
Survivor Series 2001Booker T
88%
SummerSlam 2002Brock Lesnar
87.1%
Armageddon 1999Road Dogg
86.6%
Fully Loaded 2000Chris Benoit
85.4%
Unforgiven 2000Chris Benoit
85.4%
Survivor Series 1997Ken Shamrock
83.4%
Royal Rumble 1998Ken Shamrock
83.4%
No Way Out of Texas: In Your HouseKen Shamrock
83.4%
WrestleMania XIVKen Shamrock
83.4%
Unforgiven: In Your HouseKen Shamrock
83.4%
King of the Ring 1998Ken Shamrock
83.4%
Breakdown: In Your HouseKen Shamrock
83.4%
Survivor Series 1998Ken Shamrock
83.4%
Survivor Series 1998Big Boss Man
82.6%
Backlash 2003Goldberg
80.4%
Unforgiven 1999British Bulldog
76.3%
No Mercy 1999British Bulldog
76.3%
Survivor Series 2001Rob Van Dam
75.7%
Capital CarnageX-Pac
75.1%
Unforgiven: In Your HouseFaarooq
68.7%
Over the Edge: In Your HouseFaarooq
68.7%
Survivor Series 1996Goldust
68.1%
Judgment Day: In Your HouseMark Henry
67.2%
Survivor Series 1997Ahmed Johnson
59%
No Way Out of Texas: In Your HouseAhmed Johnson
59%
Badd Blood: In Your HouseHawk
54.1%
Badd Blood: In Your HouseAnimal
54.1%
Survivor Series 1997Hawk
54.1%
Survivor Series 1997Animal
54.1%
In Your House 14: Revenge of the 'TakerSavio Vega
51.6%
Survivor Series 1996Jerry Lawler
46.8%
Survivor Series 1996Crush
46.5%
Unforgiven: In Your HouseSteve Blackman
44.1%
No Way Out of Texas: In Your House8-Ball
41.6%
No Way Out of Texas: In Your HouseSkull
40.2%
No Way Out of Texas: In Your HouseChainz
39.6%
King of the Ring 1998Dan Severn
38.2%

You're not logged in!

Compare scores with friends on all Sporcle quizzes.
Sign Up with Email
OR
Log In

You Might Also Like...

Show Comments

Extras

Top Quizzes Today


Score Distribution

Your Account Isn't Verified!

In order to create a playlist on Sporcle, you need to verify the email address you used during registration. Go to your Sporcle Settings to finish the process.